00000000nam 2200000zi 4500
0019.946611
003CaOODSP
00520250303103444
006m     o  d f      
007cr |n|||||||||
008250108s1956    onca    o    f000 0 eng d
040 |aCaOODSP|beng|erda|cCaOODSP
043 |an-cn-bc
0861 |aA52-199/1956E-PDF
1001 |aChapman, F. M., |eauthor.
24510|aDistrict Experiment Substation, Creston, B.C. : |bprogress report 1949-1954 / |cF. M. Chapman, resident research officer ; Experimental Farm, Lethbridge, Alberta, H. Chester, superintendent.
264 1|aOttawa, Canada : |bMinister of Agriculture, |c[1956]
300 |a1 online resource (38 pages) : |billustrations
336 |atext|btxt|2rdacontent
337 |acomputer|bc|2rdamedia
338 |aonline resource|bcr|2rdacarrier
500 |aDigitized edition from print [provided by Agriculture and Agri-Food Canada].
61025|aDistrict Experiment Substation (Creston, B.C.)
61025|aDistrict Experiment Substation (Creston, C.-B.)
650 0|aAgricultural experiment stations|zBritish Columbia|zCreston.
650 6|aStations agronomiques|zColombie-Britannique|zCreston.
7102 |aDistrict Experiment Substation (Creston, B.C.), |eissuing body.
7101 |aCanada. |bExperimental Farm (Lethbridge, Alta.), |eissuing body.
7101 |aCanada. |bExperimental Farms Service, |eissuing body.
85640|qPDF|s6.21 MB|uhttps://publications.gc.ca/collections/collection_2025/aac-aafc/A52-199-1956-eng.pdf
986 |a2500—21895—6—56